000
00280nam a2200121Ia 4500
008
190216s9999||||xx |||||||||||||| ||und||
100
_a
Carr J Joseph
245
0
_a
Electronic Circuit Guide Book Ic Timers
260
_b
Prompt
300
_a
240
650
_a
Physics
942
_c
BK
999
_c
34127
_d
34127